000
00338nam a22001457a 4500
008
230124b ||||| |||| 00| 0 eng d
020
_a
9781457640810
041
_a
eng
080
_2
TENTH EDITION
_a
37
082
_a
37
100
_a
23
101
_a
EDUKI
245
_a
THE ST.MARTIN'S GUIDE TO WRITING
_c
AXELROD B R
942
_2
udc
_c
BK
999
_c
59262
_d
59262